书目信息 |
| 题名: |
钢结构设计原理
|
|
| 作者: | 李有香 主编 | |
| 分册: | ||
| 出版信息: | 北京 中国水利水电出版社 2013 |
|
| 页数: | 278页 | |
| 开本: | 26cm | |
| 丛书名: | ||
| 单 册: | ||
| 中图分类: | TU391.04 | |
| 科图分类: | ||
| 主题词: | 钢结构--结构设计--高等职业教育--教材 , 结构设计 , 钢结构 | |
| 电子资源: | ||
| ISBN: | 978-7-5170-1172-9 | |
| 000 | 00856nam0 2200253 450 | |
| 001 | 141127 | |
| 005 | 20141106112421.84 | |
| 010 | @a978-7-5170-1172-9@dCNY 38.00 | |
| 100 | @a20130926d2013 em y0chiy50 ea | |
| 101 | 0 | @achi |
| 102 | @aCN@b110000 | |
| 105 | @aa z 000yy | |
| 200 | 1 | @a钢结构设计原理@9gang jie gou she ji yuan li@b专著@f李有香主编 |
| 210 | @a北京@c中国水利水电出版社@d2013 | |
| 215 | @a278页@c图@d26cm | |
| 300 | @a高职高专教改系列教材 | |
| 330 | @a本书共8个学习项目,内容包括:钢结构概论,钢结构概论,钢结构的材料,钢结构的连接,轴心受力构件,受弯构件——钢梁,拉弯和压弯构件,钢屋盖,门式刚架轻型钢结构等。 | |
| 606 | 0 | @a钢结构@x结构设计@x高等职业教育@j教材 |
| 606 | 0 | @a结构设计 |
| 606 | 0 | @a钢结构 |
| 690 | @aTU391.04@v5 | |
| 701 | 0 | @a李有香@9li you xiang@4主编 |
| 801 | 0 | @c20141106 |
| 905 | @a241430@dTU391.04@eL320 | |
| 钢结构设计原理/李有香主编.-北京:中国水利水电出版社,2013 |
| 278页:图;26cm |
| 高职高专教改系列教材 |
| ISBN 978-7-5170-1172-9:CNY 38.00 |
| 本书共8个学习项目,内容包括:钢结构概论,钢结构概论,钢结构的材料,钢结构的连接,轴心受力构件,受弯构件——钢梁,拉弯和压弯构件,钢屋盖,门式刚架轻型钢结构等。 |
| ● |
| 相关链接 |
|
|
|
正题名:钢结构设计原理
索取号:TU391.04/L320
 
预约/预借
| 序号 | 登录号 | 条形码 | 馆藏地/架位号 | 状态 | 备注 |
| 1 | 0836997 | 208369978 | 建筑库101/101建筑库 90排4列4层/ [索取号:TU391.04/L320] | 在馆 | |
| 2 | 0836998 | 208369987 | 建筑库101/101建筑库 90排4列4层/ [索取号:TU391.04/L320] | 在馆 | |
| 3 | 0836999 | 208369996 | 建筑库101/101建筑库 90排4列4层/ [索取号:TU391.04/L320] | 在馆 |